Los guardianes del Louvre

Salvato in:
Dettagli Bibliografici
Autore principale: Taniguchi, Jiro (Autore)
Natura: Libro
Lingua:spagnolo
Pubblicazione: París Ponent Mon 2015
Edizione:1a. ed
Soggetti:
Tags: Aggiungi Tag
Nessun Tag, puoi essere il primo ad aggiungerne!!

MARC

LEADER 00000cam a2200000 a 4500
001 UCC3652
003 CL-VaPUC
008 180531e20150000fr |||||||||||||||||spa|d
020 |a 9781908007926 
082 0 4 |a 859.603  |b TAN  |2 21 
100 0 |a Taniguchi, Jiro  |e author  |9 597713 
245 1 4 |a Los guardianes del Louvre 
250 |a 1a. ed 
300 |a pág. irreg 
942 |c BK 
945 |d 20180531 16:15:00  |a dcastane 
260 |a París  |b Ponent Mon  |c 2015 
650 7 |a RELATOS JAPONESES  |2 CL-VaPUC  |9 561717 
650 7 |a NOVELAS JAPONESAS  |2 CL-VaPUC  |9 597714 
650 0 |a Literatura japonesa  |9 266543 
650 0 |a Novela gráfica  |9 561356 
583 |a last modification  |c 20180531 16:15:00  |k Rodrigo Vera 
999 |c 371344  |d 371342